[Event "18th Delhi GM Open 2020"]
[Site "Delhi"]
[Date "2020.01.16"]
[Round "10.11"]
[White "Rathnakaran, K.."]
[Black "Ghosh, Diptayan"]
[Result "1-0"]
[WhiteElo "2329"]
[BlackElo "2550"]
[Annotator "TA"]
[PlyCount "127"]
[EventDate "2020.01.09"]
[EventType "swiss"]
[EventCountry "IND"]
[SourceTitle "playchess.com"]
[Source "ChessBase"]
[SourceQuality "1"]

{[%evp 13,127,-20,-32,-60,-47,-56,-47,-54,-55,-77,-87,-96,-83,-84,-37,-73,-55,-58,-31,-31,29,22,35,32,28,27,64,73,114,112,155,141,164,145,180,171,173,172,289,282,278,268,273,0,246,244,256,233,302,293,291,272,322,284,239,197,407,369,556,551,550,562,537,565,676,745,802,700,708,493,560,554,1147,610,646,648,604,564,577,414,579,559,536,0,0,0,581,541,585,577,579,565,557,554,550,529,560,489,677,626,941,933,1234,1210,1161,1247,1298,1534,1791,1503,1377,1547,5102,2924,29977,29977]} 1. e4 c6 2. d3 d5 3. Nd2 e5 4. g3 Nf6 5. Bg2 Bd6 6. Ngf3 O-O 7. O-O Re8 8. Nh4 {B10: Caro-Kann: 2 d3 and 2 c4} (8. Re1 a5 9. a4 Na6 10. h3 Nc5 11. exd5 cxd5 12. d4 exd4 13. Nxd4 Rxe1+ 14. Qxe1 Bd7 15. b3 Qb6 16. N2f3 {1-0 (81) Andriasian,Z (2766)-Yuffa,D (2582) Tallinn 2019}) 8... Bg4 9. Qe1 Na6 {[%cal Bb8a6,Ba6c5,Bc5a4][%mdl 32]} 10. a3 {Black is slightly better.} Nc5 11. b4 Na4 $1 12. h3 Bd7 13. c4 $146 {[%cal Re4d5]} ({Predecessor:} 13. Nb3 dxe4 14. dxe4 c5 15. Nf5 Bb5 {1-0 (38) Vykouk,J (2435)-Dzierzak,R (2237) Katowice 2017}) 13... dxe4 14. dxe4 c5 15. Nf5 Bf8 16. b5 Bxf5 (16... a6 $15 17. bxa6 b5) 17. exf5 $11 e4 18. Rb1 $1 {[%cal Ba1b1,Bb1b3,Bb3e3][%mdl 32]} (18. Nxe4 $2 Nxe4 19. Qe3 Qd4 $19) 18... Qd4 19. Rb3 Re7 20. Re3 {[%cal Rd2e4]} Rae8 21. Qd1 $1 {[%cal Rd1a4]} Nb6 22. Qc2 Rd7 23. Rfe1 (23. Nxe4 Nxe4 24. Rxe4 Rxe4 $11) 23... Red8 24. g4 (24. Bxe4 $6 Nxe4 25. Rxe4 Qd3 $14) (24. Nxe4 $6 Qxc4 25. Nxf6+ gxf6 $16) 24... h6 25. Bf1 (25. Bxe4 $6 Nxe4 26. Rxe4 Qd3 $14) (25. Nxe4 $6 Qxc4 26. Nxf6+ gxf6 $14) 25... Qxd2 (25... Qd6 $142 26. a4 (26. Nxe4 Nxe4 27. Rxe4 Re7 $16) 26... a5 27. bxa6 (27. Nxe4 Nxe4 28. Rxe4 Re7 $16) 27... bxa6) 26. Bxd2 $18 Rxd2 27. Qc3 R2d4 28. Qc2 Rd2 29. Qb1 R8d4 30. Qc1 Bd6 31. Rxe4 $1 Nxe4 {[#]} 32. Rxe4 $1 {[%mdl 512]} Nd7 (32... Rxe4 33. Qxd2) 33. Rxd4 Rxd4 34. Bg2 Bf4 $2 (34... b6 {was necessary.} 35. Bd5 Bf4) 35. Qc2 Ne5 (35... Nb6 {was called for.} 36. Qe2 Bd6 37. Bxb7 Nxc4 38. Qe8+ Bf8) 36. Bd5 Kh7 37. Qa4 h5 38. gxh5 Kh6 39. Qxa7 {[%mdl 64] Double Attack} Rd1+ 40. Kg2 Rd2 41. Qxc5 Nd3 42. Qb6+ Kg5 43. f6 gxf6 44. h6 {Threatens to win with h7.} Be5 45. h4+ Kxh6 46. Qd8 {White threatens Qf8+ and mate.} Nf4+ 47. Kf3 {Qf8+ would kill now.} Rd3+ {[#]} 48. Ke4 $2 (48. Kg4 $1 $18 Ng6 49. Qc8) 48... Rd4+ $11 49. Kf3 $2 {[%mdl 8192]} (49. Ke3 $11 Rd3+ 50. Ke4 Rd4+ 51. Kf3) 49... Rd3+ $18 {[#]} 50. Kg4 $1 {White wants to mate with Qh8+.} Ng6 51. Qe8 Rd4+ 52. Kf3 f5 53. Ke3 Rxh4 54. Qxf7 Rh3+ 55. Kd2 Kg5 56. Qxb7 Rxa3 57. c5 Rc3 58. Qb6 Nf4 59. Qd8+ Bf6 60. Qg8+ Kh6 61. Bc4 Rf3 62. c6 Bc3+ 63. Kd1 Rxf2 64. c7 {Played: Qg8-g3} 1-0

[Event "18th Delhi GM Open 2020"]
[Site "Delhi"]
[Date "2020.01.16"]
[Round "10.12"]
[White "Tukhaev, Adam"]
[Black "Krishna C R G"]
[Result "0-1"]
[WhiteElo "2548"]
[BlackElo "2436"]
[Annotator "TA"]
[PlyCount "42"]
[EventDate "2020.01.09"]
[EventType "swiss"]
[EventCountry "IND"]
[SourceTitle "playchess.com"]
[Source "ChessBase"]
[SourceQuality "1"]

{[%evp 11,48,6,11,12,9,8,12,13,8,0,22,17,16,0,4,12,35,-17,0,-12,-6,-205,-195,-194,-205,-209,-201,-200,-193,-209,-209,-209,-213,-219,-214,-257,-266,-266,-260]} 1. e4 e6 2. d4 d5 3. Nd2 c5 4. Ngf3 cxd4 5. Nxd4 Nf6 6. exd5 Qxd5 7. Nb5 {Black must now prevent Nc7+. C07: French Tarrasch: 3...c5, 4 Ngf3 and 4 exd5 Qxd5} Na6 8. Nc3 (8. Be2 Be7 9. O-O O-O 10. a4 Qd8 11. Nc4 Nc5 12. Bf4 Nd5 13. Be5 b6 14. Bf3 Bb7 {½-½ (35) Svidler,P (2737)-Goganov,A (2612) St Petersburg 2018}) 8... Qd6 9. a3 {The position is equal.} Bd7 10. Qe2 Be7 11. Nc4 Qc7 12. Qe5 O-O 13. Bf4 Rfc8 {[#]} 14. Rd1 $146 (14. Be2 $14) ({Predecessor:} 14. O-O-O Qxe5 15. Bxe5 {1-0 (59) Balogh,C (2632)-Petrik,T (2473) Czech Republic 2018}) 14... Qc6 15. Nd6 Rd8 16. Qb5 $2 {[#]} (16. f3 $11 {and White has nothing to worry.}) 16... Qxc3+ $1 $19 {[%mdl 512]} 17. bxc3 Bxb5 18. Nxb5 Rxd1+ 19. Kxd1 {[#]} Nc5 $1 20. f3 a6 21. Nd4 Rc8 {Played: Nc5-a4} 0-1

[Event "18th Delhi GM Open 2020"]
[Site "Delhi"]
[Date "2020.01.16"]
[Round "10.13"]
[White "Debashis, Das"]
[Black "Gusain, Himal"]
[Result "1-0"]
[WhiteElo "2523"]
[BlackElo "2401"]
[Annotator "TA"]
[PlyCount "79"]
[EventDate "2020.01.09"]
[EventType "swiss"]
[EventCountry "IND"]
[SourceTitle "playchess.com"]
[Source "ChessBase"]
[SourceQuality "1"]

{[%evp 15,79,24,59,39,102,44,40,41,51,19,109,52,54,13,8,8,201,197,272,268,270,260,257,208,320,306,303,312,418,420,410,406,394,396,412,421,411,404,410,383,370,343,384,383,564,552,529,478,570,567,543,468,558,546,653,559,539,526,567,550,6075,6075,5241,5189,4132,1989]} 1. d4 f5 2. g3 Nf6 3. Bg2 g6 4. Nf3 Bg7 5. O-O O-O 6. c4 d6 7. Nc3 c6 8. b3 Qa5 9. Bb2 {A88: Dutch Defence: Leningrad System: 5 Nf3 0-0 6 0-0 d6 7 Nc3 c6} f4 $146 (9... Na6 $14) ({Predecessor:} 9... e5 10. Qd2 Qc7 11. d5 e4 12. Ng5 Qe7 13. Rad1 Rd8 14. f3 e3 15. Qc1 Nxd5 16. Nxd5 cxd5 17. f4 Rf8 18. Bxd5+ Kh8 19. Rf3 Bxb2 20. Qxb2+ Qg7 21. Qxg7+ Kxg7 22. Rxe3 h6 23. Ne6+ {1-0 (23) Gelfand,B (2655)-Moussard,J (2601) Skopje 2019}) 10. Qd2 ({White should play} 10. gxf4 $16 Na6 11. e3) 10... fxg3 $14 11. hxg3 {White is slightly better.} Ng4 12. Ne4 Qf5 (12... Qxd2 $11 {remains equal.} 13. Nexd2 (13. Nfxd2 Bf5 $11) 13... Na6) 13. Nh4 (13. Nfg5 $16 {And now f3 would win.} Nf6 14. f3) 13... Qh5 $1 14. Qg5 Qxg5 15. Nxg5 h6 $2 {[#]} (15... a5 $11 {and Black stays safe.}) 16. Nxg6 $18 hxg5 (16... Re8 {might work better.}) 17. Nxe7+ ({And not} 17. Nxf8 Kxf8 18. Rad1 c5 $11) 17... Kf7 18. Nxc8 Rd8 19. Ba3 Rxc8 (19... Bf8 {keeps fighting.} 20. c5 dxc5) 20. Bh3 ({Stronger than} 20. Bxd6 Rd8 $15) 20... Bxd4 21. Bxg4 Rg8 22. Rad1 c5 23. Bf3 Nc6 24. Bd5+ Ke7 25. Bxg8 Rxg8 26. Kg2 a6 27. Rd2 b5 28. Bb2 bxc4 {With the idea ...c3.} 29. bxc4 Rb8 (29... Bxb2 $142 30. Rxb2 a5 31. Rb7+ Ke6) 30. Bxd4 {White is clearly winning.} cxd4 {[%mdl 4096] Endgame KRR-KRN} 31. e3 Rb4 32. exd4 Rxc4 33. Re1+ Kf6 34. Re8 a5 35. Rf8+ Kg6 36. Rc8 d5 37. Rb2 Nxd4 38. Rxc4 dxc4 39. Rd2 Nf5 40. Rd5 {Accuracy: White = 70%, Black = 24%.} 1-0

[Event "18th Delhi GM Open 2020"]
[Site "Delhi"]
[Date "2020.01.16"]
[Round "10.14"]
[White "Vaibhav Jayant Raut"]
[Black "Harsha Bharathakoti"]
[Result "0-1"]
[WhiteElo "1969"]
[BlackElo "2502"]
[Annotator "TA"]
[PlyCount "108"]
[EventDate "2020.01.09"]
[EventType "swiss"]
[EventCountry "IND"]
[SourceTitle "playchess.com"]
[Source "ChessBase"]
[SourceQuality "1"]

{[%evp 13,108,-20,0,0,0,0,18,9,9,0,0,-30,0,2,12,-26,24,26,10,20,44,-25,-18,-23,-25,-26,-39,-33,-26,-36,-43,-51,-42,-75,-72,-82,-77,-70,-68,-77,-79,-77,-87,-75,-51,-60,-17,-70,-61,-62,-58,-83,-89,-98,-93,-151,-114,-352,-88,-88,-88,-87,-33,-144,-144,-146,-135,-144,-144,-141,-119,-120,-148,-338,-303,-393,-380,-387,-385,-374,0,-380,-315,-590,-563,-584,-593,-549,-543,-914,-886,-802,-432,-858,-823,-1129,-1091]} 1. Nf3 d5 2. g3 Nc6 3. Bg2 e5 4. d3 Nf6 5. O-O Be7 6. Nbd2 O-O 7. e4 Re8 8. exd5 {A07: Réti Opening: New York and Capablanca Systems} (8. c3 a5 9. a4 h6 10. Qc2 Be6 11. Re1 Bf8 12. exd5 Bxd5 13. Ne4 Nd7 14. Ned2 Nc5 15. Rd1 Be6 {0-1 (40) Sandipan,C (2511)-Le,Q (2694) Xingtai 2019}) 8... Nxd5 9. Re1 Bf6 10. h3 {The position is equal.} Bf5 $146 ({Predecessor:} 10... Nb6 11. Ne4 Be7 12. g4 f6 13. Ng3 Bf8 14. c3 Kh8 {0-1 (60) Palu,A (1990)-Garnier,R (2162) Buenos Aires 2015}) 11. Ne4 Be7 12. Kh2 Bg6 13. Bd2 f5 14. Neg5 Bxg5 15. Bxg5 Qd7 16. Bd2 h6 {[#]} 17. Bc3 (17. b4 $1 $14 {[%mdl 512]} e4 (17... Ncxb4 18. Nxe5) 18. b5) 17... Nxc3 $11 18. bxc3 Rad8 19. Rb1 b6 20. Nh4 Bh7 21. Qh5 e4 22. dxe4 fxe4 23. Rbd1 {[#]} Qf7 $1 {[%cal Rf7h5]} 24. Qxf7+ Kxf7 25. Rxd8 Nxd8 26. Bf1 $1 Re5 27. Bc4+ Kf6 28. Ng2 Nb7 29. Ne3 {Ng4+ is the strong threat.} Ke7 30. Rd1 (30. Nd5+ $11 Kd7 31. f4) 30... Nd6 31. Bd5 Bf5 32. a4 Bd7 33. Bb3 Ra5 34. Rd4 ({Better is} 34. c4) 34... Be6 35. h4 $2 {[#]} (35. c4 $17) 35... Rc5 $2 (35... c5 $1 $19 {[%cal Rc5d4]} 36. Rd5 Bxd5 37. Nxd5+ Ke6) 36. c4 $17 c6 37. g4 g5 ({Black should try} 37... h5 $17 38. g5 Re5) 38. hxg5 (38. Kg3 $15) 38... Rxg5 39. Kh3 h5 40. Kh4 Rxg4+ $1 {[%mdl 64] Remove Defender, Deflection} 41. Nxg4 Nf5+ {[%mdl 64] Double Attack} 42. Kxh5 Nxd4 {[%mdl 4096] Endgame KBN-KBN} 43. Ne3 $2 (43. Kg5 $17 {is the only way for White.}) 43... Kd6 44. Kg6 Ke5 45. Kg5 Nf3+ 46. Kg6 {If White can now play c5 this consolidates a bit.} Nd4 47. Kg5 $1 c5 48. Ba2 $2 (48. Ng2) 48... Nf3+ $19 {Black is clearly winning.} 49. Kg6 Ng1 50. c3 Nh3 51. Nd1 Bg4 52. Ne3 Bf3 53. Bb1 (53. Bb3 $142) 53... Nxf2 54. Kg5 Nd1 {Accuracy: White = 35%, Black = 58%.} 0-1

[Event "18th Delhi GM Open 2020"]
[Site "Delhi"]
[Date "2020.01.16"]
[Round "10.15"]
[White "Rios, Cristhian Camilo"]
[Black "Jain Kashish Manoj"]
[Result "1-0"]
[WhiteElo "2498"]
[BlackElo "1962"]
[Annotator "RC"]
[PlyCount "71"]
[EventDate "2020.01.09"]
[EventType "swiss"]
[EventCountry "IND"]
[SourceTitle "playchess.com"]
[Source "ChessBase"]
[SourceQuality "1"]
[TimeControl "5400+30"]

1. d4 {[%emt 0:03:11]} Nf6 {[%emt 0:00:00]} 2. c4 {[%emt 0:00:11]} g6 {[%emt 0:00:00]} 3. Nc3 {[%emt 0:00:05]} Bg7 {[%emt 0:00:00]} 4. e4 {[%emt 0:00:07]} d6 {[%emt 0:00:07]} 5. Bg5 {[%emt 0:00:06]} O-O {[%emt 0:00:22]} 6. f3 {[%emt 0:00:07]} c6 {[%emt 0:00:37]} 7. Qd2 {[%emt 0:00:06]} a6 {[%emt 0:03:53]} 8. Bd3 {[%emt 0:00:58]} b5 {[%emt 0:04:19]} 9. Nge2 {[%emt 0:00:07]} Nbd7 {[%emt 0:07:10]} 10. O-O {[%emt 0:03:47]} e5 {[%emt 0:04:56]} 11. d5 {[%emt 0:00:32]} b4 {[%emt 0:08:45]} 12. Na4 {[%emt 0:00:58]} cxd5 {[%emt 0:15:34]} 13. cxd5 {[%emt 0:00:23]} Qa5 {[%emt 0:17:49]} 14. a3 {[%emt 0:11:27]} Rb8 {[%emt 0:03:49]} 15. axb4 {[%emt 0:02:08]} Qxb4 {[%emt 0:00:36]} 16. Qxb4 {[%emt 0:01:06]} Rxb4 {[%emt 0:00:02]} 17. Bd2 {[%emt 0:00:55]} Rb8 {[%emt 0:01:27]} 18. Rfc1 {[%emt 0:03:39]} Nb6 {[%emt 0:07:50]} 19. b4 {[%emt 0:04:22]} Nfd7 {[%emt 0:06:17]} 20. Nxb6 {[%emt 0:01:10]} Rxb6 {[%emt 0:00:09]} 21. Rc7 {[%emt 0:10:19]} Nb8 {[%emt 0:02:51]} 22. Nc1 {[%emt 0:00:41]} Rb7 {[%emt 0:10:15]} 23. Rxb7 {[%emt 0:00:41]} Bxb7 {[%emt 0:00:01]} 24. Nb3 {[%emt 0:00:14]} Rc8 {[%emt 0:00:28]} 25. Ra2 {[%emt 0:04:19]} Bf8 {[%emt 0:04:24]} 26. Kf1 {[%emt 0:03:14]} Rc7 {[%emt 0:00:30]} 27. b5 {[%emt 0:02:38]} axb5 {[%emt 0:00:39]} 28. Ra7 {[%emt 0:00:07]} Re7 {[%emt 0:00:37]} 29. Na5 {[%emt 0:00:23]} Ba6 {[%emt 0:00:28]} 30. Ra8 {[%emt 0:09:33]} Re8 {[%emt 0:00:00]} 31. Ke1 {[%emt 0:02:42]} f6 {[%emt 0:01:01]} 32. Be3 {[%emt 0:02:23]} Kf7 {[%emt 0:00:27]} 33. Bb6 {[%emt 0:00:56]} Rc8 {[%emt 0:00:27]} 34. Ra7+ {[%emt 0:00:06]} Ke8 {[%emt 0:00:27]} 35. Nc6 {[%emt 0:00:39]} Nxc6 {[%emt 0:00:34]} 36. dxc6 {[%emt 0:00:08]} 1-0

[Event "18th Delhi GM Open 2020"]
[Site "Delhi"]
[Date "2020.01.16"]
[Round "10.16"]
[White "Amonatov, Farrukh"]
[Black "Neelash Saha"]
[Result "1-0"]
[WhiteElo "2631"]
[BlackElo "2356"]
[Annotator "TA"]
[PlyCount "117"]
[EventDate "2020.01.09"]
[EventType "swiss"]
[EventCountry "IND"]
[SourceTitle "playchess.com"]
[Source "ChessBase"]
[SourceQuality "1"]

{[%evp 21,117,0,26,0,16,-10,-25,-20,-18,-11,0,-12,10,0,0,0,19,0,0,0,0,-2,8,23,98,115,134,57,106,39,120,94,196,94,73,69,187,184,187,187,162,160,163,151,156,171,181,167,229,250,239,250,298,298,298,298,298,298,298,298,298,298,298,298,367,350,350,348,377,364,381,381,396,387,362,342,468,525,522,525,575,569,554,523,464,393,317,338,640,629,4821,2646,29981,29982,29981,29983,29981,29979]} 1. e4 c6 2. d4 d5 3. Nc3 dxe4 4. Nxe4 Nf6 5. Nxf6+ exf6 6. c3 Bd6 7. Bd3 O-O 8. Ne2 Qc7 9. Qc2 h6 10. Be3 Re8 11. O-O-O Nd7 12. Ng3 {B15: Caro-Kann: 3 Nc3: 3...g6 and 3...dxe4 4 Nxe4 Nf6 5 Nxf6+ exf6} Nf8 13. c4 $146 ({Predecessor:} 13. Kb1 Be6 14. c4 b5 15. cxb5 Qa5 16. Bc4 cxb5 17. Bxe6 fxe6 18. d5 Rac8 19. Qb3 Rc4 20. dxe6 Rxe6 21. Rd5 a6 22. Qxc4 {1-0 (22) Sengupta,D (2579)-Tamang,T (1953) Kathmandu 2018}) 13... Bg4 14. Rde1 {Black has an edge.} Rad8 15. Kb1 Bc8 16. Rd1 Bg4 17. Rde1 Bc8 18. Ne2 Ne6 19. Qd2 Bf8 20. h4 f5 21. g3 Be7 22. Qc2 (22. Bxf5 Nxd4 23. Bh7+ Kxh7 $17) 22... f4 (22... Bf6 $11) 23. gxf4 $16 ({Much worse is} 23. Nxf4 $6 Nxd4 24. Bxd4 Rxd4 $11) 23... Bf6 24. Rd1 (24. f5 $1 $16 {[%cal Rf5e6]} Nf8 25. Reg1) 24... Kh8 {[%cal Re6d4]} 25. Bf5 (25. Be4 $16) 25... Qa5 ({Black should try} 25... c5 $14) 26. Bh3 Qh5 (26... Nc7 $16) 27. Ng3 (27. f5 $18 {is the precise move to win.} Nc7 28. Ng3) 27... Qf3 {[%cal Re6d4]} 28. Qe2 Nxd4 {[#]} (28... Qxe2 $14 29. Nxe2 Bd7) 29. Rxd4 $1 $18 {[%mdl 512]} Qxe2 (29... Rxd4 30. Qxf3) 30. Nxe2 {Strongly threatening Rxd8.} Bxh3 31. Rxh3 {And now Rxd8 would win.} Bxd4 32. Nxd4 Re4 33. Ne2 $1 Rxc4 34. Nc3 a5 {[#]} (34... Rc8 {might work better.} 35. Rh1 (35. Bxa7 Rxf4 36. Be3 Rg4 $14) 35... a5) 35. Kc2 $1 a4 {[#]} 36. Rf3 $1 b6 37. Bxb6 Rb8 38. Ba7 Rb7 39. Be3 Rcb4 40. Bc1 Ra7 41. a3 Rb8 42. f5 Kh7 43. Rf4 Rba8 44. f6 g6 45. Rc4 Ra6 46. Be3 c5 47. Ne4 Re8 48. f3 ({But not} 48. Bxc5 Rc8 $18) 48... Re5 49. Rxc5 Rxc5+ 50. Bxc5 g5 51. hxg5 h5 52. Bf2 Kg6 53. b4 axb3+ 54. Kxb3 Kf5 $2 (54... Re6 55. a4 Re5) 55. a4 Kf4 {[#]} 56. g6 $1 fxg6 57. f7 {White mates.} Ra8 58. Bc5 Kxf3 59. Nf6 {Accuracy: White = 67%, Black = 32%.} 1-0

[Event "18th Delhi GM Open 2020"]
[Site "Delhi"]
[Date "2020.01.16"]
[Round "10.17"]
[White "Goganov, Aleksey"]
[Black "Sammed Jaykumar, Shete"]
[Result "1-0"]
[WhiteElo "2583"]
[BlackElo "2398"]
[Annotator "RC"]
[PlyCount "61"]
[EventDate "2020.01.09"]
[EventType "swiss"]
[EventCountry "IND"]
[SourceTitle "playchess.com"]
[Source "ChessBase"]
[SourceQuality "1"]
[TimeControl "5400+30"]

1. d4 {[%emt 0:00:00]} Nf6 {[%emt 0:00:00]} 2. c4 {[%emt 0:00:00]} e6 {[%emt 0:00:00]} 3. Nf3 {[%emt 0:00:00]} d5 {[%emt 0:00:00]} 4. g3 {[%emt 0:00:00]} Be7 {[%emt 0:00:00]} 5. Bg2 {[%emt 0:00:00]} O-O {[%emt 0:00:00]} 6. O-O {[%emt 0:00:00]} dxc4 {[%emt 0:00:03]} 7. Qc2 {[%emt 0:00:11]} b5 {[%emt 0:00:13]} 8. a4 {[%emt 0:00:05]} b4 {[%emt 0:00:03]} 9. Nfd2 {[%emt 0:00:31]} Nd5 {[%emt 0:03:50]} 10. Nxc4 {[%emt 0:00:26]} Ba6 {[%emt 0:01:50]} 11. Rd1 {[%emt 0:08:46]} Qc8 {[%emt 0:18:47]} 12. e4 {[%emt 0:06:31]} Nb6 {[%emt 0:00:30]} 13. Na5 {[%emt 0:03:27]} c5 {[%emt 0:07:34]} 14. d5 {[%emt 0:02:12]} c4 {[%emt 0:15:10]} 15. Be3 {[%emt 0:19:50]} Bc5 {[%emt 0:05:01]} 16. Nc6 {[%emt 0:00:56]} Nxc6 {[%emt 0:05:06]} 17. Bxc5 {[%emt 0:00:21]} Ne5 {[%emt 0:00:29]} 18. Bxb4 {[%emt 0:07:59]} Re8 {[%emt 0:05:44]} 19. dxe6 {[%emt 0:07:02]} Rxe6 {[%emt 0:07:10]} 20. a5 {[%emt 0:02:30]} Nd3 {[%emt 0:01:23]} 21. Ba3 {[%emt 0:02:56]} Nd7 {[%emt 0:00:53]} 22. Nc3 {[%emt 0:00:30]} Qe8 {[%emt 0:05:31]} 23. Nd5 {[%emt 0:01:10]} Rc8 {[%emt 0:00:05]} 24. Qc3 {[%emt 0:09:16]} Rxe4 {[%emt 0:05:01]} 25. Nb4 {[%emt 0:11:01]} Nxf2 {[%emt 0:05:57]} 26. Kxf2 {[%emt 0:02:28]} Re2+ {[%emt 0:00:09]} 27. Kf1 {[%emt 0:01:58]} Rc5 {[%emt 0:06:08]} 28. Nd5 {[%emt 0:09:36]} Rxg2 {[%emt 0:03:10]} 29. Re1 {[%emt 0:01:17]} Qa8 {[%emt 0:00:06]} 30. Bxc5 {[%emt 0:00:16]} Nxc5 {[%emt 0:00:29]} 31. Nc7 {[%emt 0:02:09]} 1-0

[Event "18th Delhi GM Open 2020"]
[Site "Delhi"]
[Date "2020.01.16"]
[Round "10.18"]
[White "Rozum, Ivan"]
[Black "Abdisalimov, Abdimalik"]
[Result "1/2-1/2"]
[WhiteElo "2573"]
[BlackElo "2381"]
[Annotator "TA"]
[PlyCount "95"]
[EventDate "2020.01.09"]
[EventType "swiss"]
[EventCountry "IND"]
[SourceTitle "playchess.com"]
[Source "ChessBase"]
[SourceQuality "1"]

{[%evp 18,95,33,20,36,24,30,15,16,28,45,49,53,24,37,26,28,26,19,0,22,24,28,12,25,6,78,56,60,37,230,229,225,229,237,222,228,112,105,91,185,124,125,145,120,23,21,19,20,0,0,0,0,0,0,0,0,-46,0,-62,-47,-52,-66,-804,-8,-2,91,0,0,0,105,99,102,122,103,76,96,35,36,8]} 1. Nf3 Nf6 2. g3 g6 3. Bg2 Bg7 4. c4 O-O 5. O-O d6 6. d4 Nc6 7. Nc3 e5 8. dxe5 dxe5 9. Bg5 Be6 10. Nd2 Qc8 {E62: King's Indian: Fianchetto: 6...c6 and Panno Variation (6...Nc6) without ...a6} 11. Nd5 Nd7 12. b4 {[%cal Bb2b4,Bb4b5][%mdl 32]} h6 {The position is equal.} (12... Kh8 13. b5 Nd8 14. Rc1 f6 15. Be3 Nf7 16. Ne4 Re8 17. Qb3 c6 18. Rfd1 {1-0 (51) Potkin,V (2597)-Najer,E (2670) St Petersburg 2018}) 13. Be3 Kh7 14. Rc1 f5 15. b5 Nd8 16. Nb3 c6 $146 ({Predecessor:} 16... Re8 17. Bd2 c5 18. e4 Nf7 19. exf5 gxf5 20. Be3 b6 21. Re1 {½-½ (21) Ghosh,D (2562)-Yankelevich,L (2447) Riga 2017}) 17. Qd2 Bf7 18. Nb4 e4 19. f3 Ne5 20. Bd4 exf3 $1 (20... Nxc4 $6 21. Rxc4 $1 {[%mdl 512]} Bxc4 22. Bxg7 $16) 21. exf3 {Threatening Qc3.} cxb5 (21... Nxc4 $6 22. Rxc4 $1 {[%mdl 512]} Bxc4 23. Bxg7 $16) (21... Qc7 $11 {keeps the balance.}) 22. cxb5 Qd7 $1 23. Rfd1 $36 {[%mdl 2048] White fights for an advantage.} Qxb5 $2 (23... Bxb3 $14 24. axb3 Ne6 25. Bxe5 Qxd2 26. Rxd2 Bxe5) 24. Rc5 $18 Qe8 25. Bxe5 Bxe5 26. Re1 Bxb3 27. Rcxe5 (27. Rexe5 $18 Be6 28. Nd5) 27... Be6 $16 28. f4 {[%mdl 1024] Threatens to win with Na6! White has strong compensation.} a5 (28... Rf7 $16) 29. Nd3 (29. Nd5 $18 Qf7 30. Nb6) 29... Qd7 30. Qe3 Qd6 31. a3 (31. Bxb7 $1 $16 Rb8 32. Bf3) 31... Rc8 32. Nc5 {[%cal Rc5e6]} Bf7 33. Nxb7 Nxb7 34. Bxb7 Rc7 35. Bf3 Rb8 {Strongly threatening ...Rb3.} 36. Rd1 (36. Rxa5 $2 Rb3 $19) 36... Qf6 37. h4 (37. Rxa5 $2 Rb3 $19) 37... a4 38. h5 (38. Rc1 $1 $11 Rxc1+ 39. Qxc1) 38... Rb3 $15 39. Rd3 gxh5 {...h4 is the strong threat.} 40. Rxf5 $2 {[%mdl 8192]} (40. Rxb3 $15 axb3 41. Rxf5 $1 {[%mdl 512]} Rc1+ 42. Qxc1 Qxf5 43. Qd2) 40... Qa1+ $2 ({Weaker is} 40... Qxf5 41. Rxb3 Rc1+ 42. Qxc1 $15) (40... Rb1+ $1 $19 41. Rd1 Qxf5 42. Rxb1 Qxb1+ 43. Kh2 Qb2+ 44. Bg2 Kg8) 41. Kh2 $11 Bg6 {[#]} (41... Qa2+ $11 42. Bg2 Rb2 $1 {[%mdl 512]} 43. Rxf7+ Qxf7) 42. Rxb3 (42. Rc5 $1 $16 {[%cal Rc5c7]} Rf7 43. Rxb3 Qa2+ 44. Kh3 Qxb3 45. Qxb3 axb3 46. Rb5) 42... axb3 43. Rb5 b2 ({Don't play} 43... Qxa3 44. f5 $16 (44. Rxb3 Qc5 $14)) (43... Bf7 $11) 44. Be4 $16 {Intending Bxg6+ and mate.} b1=Q 45. Rxb1 Qa2+ 46. Kg1 {Bxg6+ would kill now.} Qe6 {[#]} 47. Bxg6+ ({White should play} 47. Rb4 $1 $16) 47... Qxg6 $14 48. Rb3 {Accuracy: White = 54%, Black = 33%.} (48. Rb6 $5 {[%cal Rb6g6]} Qc2 49. Rd6 $16) 1/2-1/2

[Event "18th Delhi GM Open 2020"]
[Site "Delhi"]
[Date "2020.01.16"]
[Round "10.19"]
[White "Bogdanovich, Stanislav"]
[Black "Sahoo, Utkal Ranjan"]
[Result "0-1"]
[WhiteElo "2562"]
[BlackElo "2348"]
[Annotator "TA"]
[PlyCount "20"]
[EventDate "2020.01.09"]
[EventType "swiss"]
[EventCountry "IND"]
[SourceTitle "playchess.com"]
[Source "ChessBase"]
[SourceQuality "1"]

{[%evp 9,20,-71,-59,-58,-29,-93,-58,-72,-64,-52,-83,-157,-147]} 1. e4 e5 2. f4 exf4 3. Nf3 Nf6 4. Nc3 d5 5. e5 (5. exd5 Nxd5 6. Nxd5 Qxd5 7. d4 Bg4 8. Bxf4 Nc6 9. Bxc7 Be7 10. c3 O-O 11. Be2 b5 12. O-O b4 13. c4 Qd7 14. Bg3 Bf6 15. Ne5 Bxe2 16. Nxd7 Bxd4+ {1-0 (53) Jenni,F (2454)-Ragger,M (2687) Skopje 2018}) 5... Nh5 6. d4 {C34: King's Gambit Accepted: 3 Nf3: 3...Nf6 and 3...d6} g5 7. Bd3 (7. Ng1 $11 {remains equal.} g4 {[#]} 8. Nh3 $1 {[%mdl 512]}) 7... g4 8. O-O Be6 $146 ({Predecessor:} 8... gxf3 9. Qxf3 Ng7 10. Nxd5 Be7 11. c3 Be6 12. Nxf4 Qc8 {½-½ (47) Klein,L (1779)-De Melo,T (1974) Itajai 2017}) 9. Ne1 $1 c5 10. Ne2 (10. Bb5+ $142 Nc6 11. Ne2 (11. Bxf4 Nxf4 12. Rxf4 Bh6 $15)) 10... c4 0-1